书目信息 |
| 题名: |
社会转型期群体性事件的预防与治理方略
|
|
| 作者: | 王秀娟 , 于浩 著 | |
| 分册: | ||
| 出版信息: | 北京 国家行政学院出版社 2018 |
|
| 页数: | 342页 | |
| 开本: | 26cm | |
| 丛书名: | ||
| 单 册: | ||
| 中图分类: | D631.43 | |
| 科图分类: | ||
| 主题词: | 公共秩序管理--Gong gong zhi xu guan li--社会团体--突发事件--中国 | |
| 电子资源: | ||
| ISBN: | 978-7-5150-2095-2 | |
| 000 | 00980nam0 2200265 450 | |
| 001 | 012001006207 | |
| 005 | 20131016090507.0 | |
| 010 | @a978-7-5150-2095-2@dCNY58.00 | |
| 099 | @aCAL 012018064113 | |
| 100 | @a20180531d2018 em y0chiy50 ea | |
| 101 | 0 | @achi |
| 102 | @aCN@b110000 | |
| 105 | @ak a 000yy | |
| 106 | @ar | |
| 200 | 1 | @a社会转型期群体性事件的预防与治理方略@Ashe hui zhuan xing qi qun ti xing shi jian de yu fang yu zhi li fang lue@f王秀娟, 于浩著 |
| 210 | @a北京@c国家行政学院出版社@d2018 | |
| 215 | @a342页@c图@d26cm | |
| 320 | @a有书目 (第336-342页)。 | |
| 330 | @a本书内容包括: 群体性事件概论、准确把握群体性事件的性质、群体性事件发生的宏观背景与根源、群体性事件的巨大成本、群体性事件发生机理等。 | |
| 606 | 0 | @a公共秩序管理@AGong gong zhi xu guan li@x社会团体@x突发事件@y中国 |
| 690 | @aD631.43@v5 | |
| 701 | 0 | @a王秀娟@AWang Xiu Juan@4著 |
| 701 | 0 | @a于浩@AYu Hao@4著 |
| 801 | 2 | @aCN@b上海新华@c20191020 |
| 905 | @b1099125-8@dD631.43@e390@f4 | |
| 社会转型期群体性事件的预防与治理方略/王秀娟, 于浩著.-北京:国家行政学院出版社,2018 |
| 342页:图;26cm |
| ISBN 978-7-5150-2095-2:CNY58.00 |
| 本书内容包括: 群体性事件概论、准确把握群体性事件的性质、群体性事件发生的宏观背景与根源、群体性事件的巨大成本、群体性事件发生机理等。 |
| ● |
| 相关链接 |
|
|
|
|
正题名:社会转型期群体性事件的预防与治理方略
索取号:D631.43/390
 
预约/预借
| 序号 | 登录号 | 条形码 | 馆藏地/架位号 | 状态 | 备注 |
| 1 | 1099125 | 210991257 | 第一样本阅览室/ [索取号:D631.43/390] | 在馆 | |
| 2 | 1099126 | 210991266 | 第一借阅区/ [索取号:D631.43/390] | 在馆 | |
| 3 | 1099127 | 210991275 | 第一借阅区/ [索取号:D631.43/390] | 在馆 | |
| 4 | 1099128 | 210991284 | 第一借阅区/ [索取号:D631.43/390] | 在馆 |